Crisis agraria y campesina
Spremljeno u:
| Format: | Tekst |
|---|---|
| Teme: | |
| Oznake: |
Dodaj oznaku
Bez oznaka, Budi prvi tko označuje ovaj zapis!
|
MARC
| LEADER | 00000 a a2200000 04500 | ||
|---|---|---|---|
| 001 | 45580 | ||
| 003 | |||
| 040 | |a CRAI/IIS |c CRAI/IIS | ||
| 245 | |a Crisis agraria y campesina | ||
| 500 | |a Antes se llamaba: ALAI SERVICIO MENSUAL DE INFORMACION Y DOCUMENTACION | ||
| 650 | |a GOBIERNO | ||
| 650 | |a AGROINDUSTRIA | ||
| 650 | |a CAMPESINOS | ||
| 650 | |a COSTA RICA | ||
| 773 | |g volumen12, número107 (Septiembre, 1988), Pág. 10 | ||
| 999 | |c 18272 |d 18272 | ||
